Acerte o país com essas dicas#2 - Statistics

Estatísticas Gerais
  • Esse quiz foi jogado 357 vezes
  • A pontuação média é 10 de 15
Estatísticas das Respostas
Hint Resposta % Correto
Terra dos nachos México
94%
Está na África e na Ásia Egito
91%
Maior país de língua portuguesa na áfrica Angola
86%
País sul-americano com maior costa no pacífico Chile
86%
País africano mais próximo da Europa Marrocos
81%
Nas suas cidades eram onde aconteciam os piores casos de narcotráfico Colômbia
76%
Maior população da áfrica Nigéria
72%
Quando foi invadido, deu "play" na segunda guerra mundial Polônia
71%
Dom quixote se passa nesse país Espanha
68%
Possui o melhor IDH do mundo Noruega
68%
Possui a pior relação geopolítica do mundo com seu vizinho Coreia do Sul
66%
Lá se originou o império de Genghis Kahn Mongólia
65%
Mantem com a Inglaterra a aliança mais antiga ainda em vigor Portugal
59%
País islâmico sem estar no oriente médio Indonésia
34%
O café se origina desse país Etiópia
24%
Nenhum quiz correspondente encontrado
Distribuição das Pontuações
Porcentagem de Pessoas com Cada Pontuação
Percentil de Números Respondidos
Sua Pontuação Histórica
Você não jogou esse quiz